<?xml version="1.0" encoding="UTF-8"?>
<record
    xmlns:xsi="http://www.w3.org/2001/XMLSchema-instance"
    xsi:schemaLocation="http://www.loc.gov/MARC21/slim http://www.loc.gov/standards/marcxml/schema/MARC21slim.xsd"
    xmlns="http://www.loc.gov/MARC21/slim">

  <leader>00785nam a2200181Ia 4500</leader>
  <controlfield tag="008">151202s9999||||xx |||||||||||||| ||und||</controlfield>
  <datafield tag="082" ind1=" " ind2=" ">
    <subfield code="b">PNVM-46208</subfield>
  </datafield>
  <datafield tag="100" ind1=" " ind2=" ">
    <subfield code="a">&#x915;&#x941;&#x932;&#x915;&#x930;&#x94D;&#x923;&#x940; &#x92E;&#x902;&#x917;&#x932;&#x93E;.</subfield>
  </datafield>
  <datafield tag="245" ind1=" " ind2=" ">
    <subfield code="a">&#x92A;&#x942;&#x930;&#x94D;&#x935;&#x930;&#x902;&#x917;&#x940; &#x930;&#x902;&#x917;&#x942;&#x92F;&#x93E; &#x915;&#x940;&#x930;&#x94D;&#x924;&#x928;&#x940; &#x906;&#x928;&#x902;&#x926;&#x942; &#x92F;&#x93E;.</subfield>
  </datafield>
  <datafield tag="260" ind1=" " ind2=" ">
    <subfield code="b">&#x935;&#x93F;&#x937;&#x94D;&#x923;&#x941; &#x932;&#x915;&#x94D;&#x937;&#x94D;&#x92E;&#x923; &#x915;&#x941;&#x932;&#x915;&#x930;&#x94D;&#x923;&#x940;.</subfield>
  </datafield>
  <datafield tag="260" ind1=" " ind2=" ">
    <subfield code="c">2003</subfield>
  </datafield>
  <datafield tag="300" ind1=" " ind2=" ">
    <subfield code="a">112</subfield>
  </datafield>
  <datafield tag="600" ind1=" " ind2=" ">
    <subfield code="a">&#x915;&#x941;&#x932;&#x915;&#x930;&#x94D;&#x923;&#x940; &#x92E;&#x902;&#x917;&#x932;&#x93E;.</subfield>
  </datafield>
  <datafield tag="630" ind1=" " ind2=" ">
    <subfield code="a">&#x92A;&#x942;&#x930;&#x94D;&#x935;&#x930;&#x902;&#x917;&#x940; &#x930;&#x902;&#x917;&#x942;&#x92F;&#x93E; &#x915;&#x940;&#x930;&#x94D;&#x924;&#x928;&#x940; &#x906;&#x928;&#x902;&#x926;&#x942; &#x92F;&#x93E;.</subfield>
  </datafield>
  <datafield tag="700" ind1=" " ind2=" ">
    <subfield code="a">&#x915;&#x941;&#x932;&#x915;&#x930;&#x94D;&#x923;&#x940; &#x92E;&#x902;&#x917;&#x932;&#x93E;.</subfield>
  </datafield>
  <datafield tag="730" ind1=" " ind2=" ">
    <subfield code="a">&#x92A;&#x942;&#x930;&#x94D;&#x935;&#x930;&#x902;&#x917;&#x940; &#x930;&#x902;&#x917;&#x942;&#x92F;&#x93E; &#x915;&#x940;&#x930;&#x94D;&#x924;&#x928;&#x940; &#x906;&#x928;&#x902;&#x926;&#x942; &#x92F;&#x93E;.</subfield>
  </datafield>
  <datafield tag="942" ind1=" " ind2=" ">
    <subfield code="c">BOOK</subfield>
  </datafield>
  <datafield tag="999" ind1=" " ind2=" ">
    <subfield code="c">1312158</subfield>
    <subfield code="d">1312155</subfield>
  </datafield>
  <datafield tag="952" ind1=" " ind2=" ">
    <subfield code="0">0</subfield>
    <subfield code="1">0</subfield>
    <subfield code="4">0</subfield>
    <subfield code="7">0</subfield>
    <subfield code="a">PNVM</subfield>
    <subfield code="b">PNVM</subfield>
    <subfield code="d">2015-06-21</subfield>
    <subfield code="g">0.00</subfield>
    <subfield code="l">0</subfield>
    <subfield code="o">PNVM-46208</subfield>
    <subfield code="p">PNVM-46208</subfield>
    <subfield code="r">2015-12-02 00:00:00</subfield>
    <subfield code="v">0.00</subfield>
    <subfield code="w">2015-12-02</subfield>
    <subfield code="y">BOOK</subfield>
  </datafield>
</record>
